000 00493nam a2200181Ia 4500
001 5206
005 20260306145851.0
008 260306t2013||||xx |||||||||||||| ||spa||
041 _aESP
082 _a338.10728
_bI59A
100 _aInstituto Nacional de Estadística e Informática
_eAUT
245 0 _aIV censo nacional agropecuario:
_bresultados definitivos Arequipa
260 _c2013
300 _a200 páginas :
_c23 cm.
650 _aGEN
654 _aCAN
942 _cLIB
_dJUS
_fJUS
_2ddc
_n
999 _c5206
_d5206